Entry Topical Term
Number of records used in: 2
001 - CONTROL NUMBER
003 - CONTROL NUMBER IDENTIFIER
005 - DATE AND TIME OF LATEST TRANSACTION
- control field:
20230118122914.0
008 - FIXED-LENGTH DATA ELEMENTS
- fixed length control field:
230118|| aca||aabn | a|a d
040 ## - CATALOGING SOURCE
- Original cataloging agency:
OSt
- Transcribing agency:
OSt
150 ## - HEADING--TOPICAL TERM
- Topical term or geographic name as entry element:
PHARMACY
- General subdivision:
B.PHARMA AND D.PHARMA
670 ## - SOURCE DATA FOUND
- Source citation:
Work cat.: (OSt)5935: YADAV, DR. AWESH KUMAR AND SHARMA, RAJEEV 5037, MODULATED ORAL AND NANO DRUG DELIVERY SYSTEM